02563nas a2200241 4545000010006000000050017000060080037000230030015000600400040000750800124001152450082002392640081003213101626004020410008020281000059020366500013020956500016021086500025021246500032021496500020021816500022022018560098022233718320260407193509.0260407s1979####ag###########|||spa#dAR-UNSa-BCEJYS aAR-UNSa-BCEJYSbspacAR-UNSa-BCEJYS a330.101xCiencia económica en general. La economía y sus problemas. Objeto y métodos de la economía política 10aAnales de la Asociación Argentina de Economía Políticapreunión anual 1aBuenos Aires :bAAEP (Asociación Argentina de Economía Política)c1979 aFrecuencia: Anual Reunión Anual X: Universidad Nacional de Mar del Plata. Facultad de Ciencias Económicas Reunión Anual XIII: Universidad Nacional de Río Cuarto. Facultad de Ciencias Económicas Reunión Anual XIV: Universidad Nacional de Cuyo. Facultad de Ciencias Económicas Reunión Anual XV: Universidad Nacional de Mar del Plata. Facultad de Ciencias Económicas y Sociales Reunión Anual XVIII: Universidad Nacional de Tucumán. Facultad de Ciencias Económicas Reunión Anual XIX: Universidad Nacional de Misiones. Facultad de Ciencias Económicas Reunión Anual XX: Universidad Nacional de Cuyo. Facultad de Ciencias Económicas Reunión Anual XXI: Universidad Nacional de Salta. Facultad de Ciencias Económicas, Jurídicas y Sociales Reunión Anual XXII: Universidad Nacional de Córdoba. Facultad de Ciencias Económicas Reunión Anual XXIII: Universidad Nacional de La Plata. Facultad de Ciencias Económicas Y Estadísticas Reunión Anual XXV: Universidad Nacional del Sur Reunión Anual XXVI: Universidad Católica de Santiago del Estero. Facultad de Ciencias Económicas Reunión Anual XXVII: Universidad de San Andrés Reunión Anual XXVIII: Universidad Nacional de Tucumán. Facultad de Ciencias Económicas Reunión Anual XXIX: Universidad Nacional de La Plata. Facultad de Ciencias Económicas Reunión Anual XXX: Universidad Nacional de Río Cuarto. Facultad de Ciencias Económicas Reunión Anual XXXII: Universidad Nacional del Sur. Departamento de Economía Reunión Anual XXXV: Universidad Nacional de Córdoba. Facultad de Ciencias Económicas  aspa1 aAsociación Argentina de Economía Política (AAEP) aEMPRESAS aInflación aPolítica monetaria aPlanificación económica aMacroeconomía aECONOMIA POLITICA41uhttps://170.210.207.44/pmb/images/revistas/asicArgEconimia.jpgyImagen de portadaqimage/jpeg